000 00636nam a2200265Ia 4500
003 OSt
005 20221007102022.0
006 a|||||r|||| 00| 0
007 ta
008 221006b |||||||| |||| 00| 0 eng d
020 _a8185224684
024 _a9,202
037 _cTextual
040 _aLCO
_cLCO
_beng
041 _2eng
_aeng
082 _aZ(Q2), N6
100 _aMayne
_9687022
245 0 _aHindu Law and Usage
250 _a14th
260 _aNew
_bDelhi Bharat Book House India
_c1996
300 _a1432
650 _aHINDU LAW
942 _hZ(Q2), N6
_cTEXL
999 _c1178765
_d1178765